Normal view
MARC view
- اعداد عناني، عمرو
Entry Personal Name
001 - CONTROL NUMBER
- control field: 44521
003 - CONTROL NUMBER IDENTIFIER
- control field: JO-AjAnu
005 - DATE AND TIME OF LATEST TRANSACTION
- control field: 20230606081354.0
008 - FIXED-LENGTH DATA ELEMENTS
- fixed length control field: 230606|| aca||aabn | a|a d
040 ## - CATALOGING SOURCE
- Original cataloging agency: JO-AjAnu
- Transcribing agency: JO-AjAnu
100 ## - HEADING--PERSONAL NAME
- Personal name: اعداد عناني، عمرو
670 ## - SOURCE DATA FOUND
- Source citation: Work cat.: (JO-AjAnu)22798: اعداد عناني، عمرو, author, احترف استخدام برنامج مايكروسوفت Access 2010